[Event "RUS-Cup3"]
[Site "Omsk"]
[Date "1996.??.??"]
[Round "2"]
[White "Fominyh, Alexander"]
[Black "Tikzhanov, Erlam"]
[Result "0-1"]
[WhiteElo "2535"]
[BlackElo "2265"]
[PlyCount "94"]
[EventDate "1996.12.13"]
[EventType "swiss"]
[EventRounds "9"]
[EventCountry "RUS"]
[SourceTitle "CBM 057"]
[Source "ChessBase"]
[SourceDate "1997.04.01"]
[SourceVersion "1"]
[SourceVersionDate "1997.04.01"]
[SourceQuality "1"]

1. d4 Nf6 2. Nf3 e6 3. c4 Bb4+ 4. Bd2 Qe7 5. g3 Nc6 6. Nc3 d5 7. Bg2 dxc4 8. 0-0 0-0 9. Bg5 h6 10. Bxf6 Qxf6 11. e3 Rd8 12. Nd2 e5 13. Nxc4 exd4 14. Nd5 Rxd5 15. Bxd5 Bh3 16. Bg2 Bxg2 17. Kxg2 b5 18. Nd2 dxe3 19. Nf3 Re8 20. Qe2 Re6 21. fxe3 a6 22. Rad1 Qe7 23. Qc2 Na5 24. b3 Rxe3 25. Rf2 c5 26. Qf5 Re6 27. Rd5 Nc6 28. Qd3 Re3 29. Qf5 Re6 30. Rd1 Bc3 31. Qd5 Nd4 32. Rd3 b4 33. h4 Re2 34. Ng1 Re5 35. Qa8+ Kh7 36. Kh2 Nf5 37. Qd8 Qe6 38. Qd7 Qg6 39. Rdf3 Ne3 40. Kh1 f6 41. Rxf6 Qe4+ 42. R6f3 Rd5 43. Qb7 Be1 44. Re2 Bxg3 45. Rexe3 Qxh4+ 46. Kg2 Qh2+ 47. Kf1 Rd1+ 0-1

[Event "RUS-Cup3"]
[Site "Omsk"]
[Date "1996.??.??"]
[Round "7"]
[White "Tikzhanov, Erlam"]
[Black "Lykov, Vasili"]
[Result "0-1"]
[WhiteElo "2265"]
[BlackElo "2260"]
[PlyCount "74"]
[EventDate "1996.12.13"]
[EventType "swiss"]
[EventRounds "9"]
[EventCountry "RUS"]
[SourceTitle "CBM 057"]
[Source "ChessBase"]
[SourceDate "1997.04.01"]
[SourceVersion "1"]
[SourceVersionDate "1997.04.01"]
[SourceQuality "1"]

1. c4 Nf6 2. Nf3 g6 3. b3 Bg7 4. Bb2 0-0 5. d4 d5 6. cxd5 Qxd5 7. e3 Ne4 8. Nbd2 Qa5 9. Qc2 Bf5 10. Nh4 c5 11. Nxf5 gxf5 12. Bd3 cxd4 13. Bxe4 fxe4 14. Bxd4 Nc6 15. Bxg7 Kxg7 16. 0-0 f5 17. f3 Qe5 18. fxe4 Nb4 19. Qc4 a5 20. Qe2 b5 21. a4 Nc2 22. Rac1 Qc3 23. axb5 Qxe3+ 24. Qxe3 Nxe3 25. Rfe1 f4 26. Nc4 a4 27. Nb6 Rad8 28. bxa4 Rd2 29. Kh1 Ng4 30. Nc4 Ra2 31. a5 f3 32. a6 Rxg2 33. Rf1 Rxh2+ 34. Kg1 f2+ 35. Rxf2 Rfxf2 36. a7 Rhg2+ 37. Kh1 Rg3 0-1

[Event "RUS-Cup3"]
[Site "Omsk"]
[Date "1996.??.??"]
[Round "3"]
[White "Tikzhanov, Erlam"]
[Black "Volkov, Sergey"]
[Result "0-1"]
[WhiteElo "2265"]
[BlackElo "2485"]
[PlyCount "146"]
[EventDate "1996.12.13"]
[EventType "swiss"]
[EventRounds "9"]
[EventCountry "RUS"]
[SourceTitle "CBM 057"]
[Source "ChessBase"]
[SourceDate "1997.04.01"]
[SourceVersion "1"]
[SourceVersionDate "1997.04.01"]
[SourceQuality "1"]

1. e4 e6 2. d4 d5 3. exd5 exd5 4. Bd3 Nc6 5. c3 Bd6 6. Nf3 Nge7 7. 0-0 Bg4 8. Nbd2 Qd7 9. Qc2 0-0-0 10. b4 Kb8 11. b5 Na5 12. Ne5 Bxe5 13. dxe5 Bf5 14. Ba3 Bg6 15. f4 Nc4 16. Bc5 b6 17. Bxe7 Ne3 18. Qb2 Qxe7 19. Rf3 Bxd3 20. Rxe3 Qc5 21. Rae1 Qxb5 22. Qc1 Bf5 23. Nf3 c5 24. e6 fxe6 25. Ne5 Qe8 26. a4 Qxa4 27. c4 Kb7 28. Ra3 Qc2 29. Qa1 a5 30. Ra2 Qb3 31. Rb2 dxc4 32. Rxb3 cxb3 33. Qc3 a4 34. Ra1 Rd4 35. Nc4 Ra8 36. Qf3+ Kb8 37. Nxb6 Ra5 38. Qc3 Rb5 39. Nxa4 Rxa4 40. Qe5+ Kb7 41. Qxg7+ Kc6 42. Rxa4 b2 43. Ra6+ Kd5 44. Qe5+ Kc4 45. Qe2+ Bd3 46. Qxe6+ Kb4 47. Ra4+ Kxa4 48. Qa2+ Kb4 49. Qxb2+ Kc4 50. Qc1+ Kd4 51. Kf2 c4 52. Qe3+ Kc3 53. g4 Rb2+ 54. Kg3 Re2 55. Qc5 Kd2 56. f5 c3 57. f6 Re3+ 58. Kf2 Re2+ 59. Kf3 c2 60. Qg5+ Kd1 61. Qd5 Rd2 62. Ke3 c1Q 63. Qh1+ Kc2 64. Qxc1+ Kxc1 65. f7 Re2+ 66. Kxd3 Rf2 67. Ke4 Rxf7 68. h4 Ra7 69. Kf5 Ra5+ 70. Kf6 Ra4 71. Kg5 Kd2 72. h5 Ke3 73. Kh6 Kf4 0-1